Statistics for Musical Duos by Songs

Click here to take the quiz!

General Stats

  • This quiz has been taken 60 times
  • The average score is 8 of 17

Answer Stats

song duo % Correct
The Sound of Silence, Mrs RobinsonSimon & Garfunkel
96%
I Got You Babe, The Beat Goes OnSonny & Cher
91%
Proud Mary, River Deep Mountain HighIke & Tina Turner
74%
Everybody Wants To Rule The World, ShoutTears For Fears
74%
Close To You, We've Only Just BegunThe Carpenters
67%
Bye Bye Love, Cathy's ClownEverly Brothers
56%
You've Lost That Loving Feeling, Soul And InspirationRighteous Brothers
51%
Hey Ya!, So Fresh So CleanOutkast
49%
Girl You Know It;s True, Blame It On The RainMilli Vanilli
42%
Soul Man, Hold On I'm Comin'Sam & Dave
40%
Soul Man, Rubber BiscuitBlues Brothers
33%
Surf City, Little Old Lady From PasadenaJan & Dean
33%
Get Lucky, Harder Better Faster StrongerDaft Punk
32%
Reelin' In The Years, Deacon BluesSteely Dan
30%
Ain't No Mountain High Enough, You're All I Need To Get ByMarvin Gaye & Tammi Terrell
18%
A Summer Song, Yesterday's GoneChad & Jeremy
9%
Good Hearted Woman, Mammas Don't Let Your Babies Grow Up To Be CowboysWaylon Jennings & Willie Nelson
5%

Score Distribution

Percentile by Number Answered

Percent of People with Each Score

Your Score History

You have not taken this quiz